Score 0/15 Timer 04:00
0 Plays Today
% Correct
Barack Obama
99.5%
Justin Bieber
95.3%
Lady Gaga
92.8%
Marilyn Monroe
92.3%
Kim Kardashian
90%
George Clooney
88.4%
Taylor Swift
87.5%
Betty White
85.1%
% Correct
Bill Cosby
83.8%
Jennifer Lopez
83.6%
Miley Cyrus
75.9%
Drew Barrymore
73.5%
Nicole 'Snooki' Polizzi
67.2%
Michael Bloomberg
31.3%
Hoda Kotb
28.6%
Remove Ads.
Support Sporcle.
Get the best of Sporcle when you Go Orange. This ad-free experience offers more features, more stats, and more fun while also helping to support Sporcle. Thank you for becoming a member.

You're not logged in!

Compare scores with friends on all Sporcle quizzes.
OR
Log In

Show Comments

Extras

Top Quizzes Today


Score Distribution

Your Account Isn't Verified!

In order to create a playlist on Sporcle, you need to verify the email address you used during registration. Go to your Sporcle Settings to finish the process.

Report this User

Report this user for behavior that violates our Community Guidelines.

Details: